Una exposición de la teoría de los números algebraicos /
Guardado en:
| Autor Principal: | |
|---|---|
| Formato: | Libro |
| Idioma: | Spanish |
| Publicado: |
Madrid :
Consejo Superior de Investigaciones Científicas,
1954.
|
| Series: | Memorias de matemática del Instituto "Jorge Juan" ;
14 |
| Etiquetas: |
Agregar Etiqueta
Sin Etiquetas, Sea el primero en etiquetar este registro!
|
| LEADER | 00544nam a22001455a 4500 | ||
|---|---|---|---|
| 001 | MAT.inmabb000949 | ||
| 008 | 031119s1954####sp############000#0#spa#d | ||
| 005 | 20130419114504.0 | ||
| 245 | 1 | 4 | |a Una exposición de la teoría de los números algebraicos / |c Th. Skolem. |
| 260 | |a Madrid : |b Consejo Superior de Investigaciones Científicas, |c 1954. | ||
| 300 | |a 29 p. ; |c 24 cm. | ||
| 440 | 0 | |a Memorias de matemática del Instituto "Jorge Juan" ; |v 14 | |
| 100 | 1 | |a Skolem, Th. |q (Thoralf), |d 1887-1963. | |
| 084 | |a 11 |2 msc2000 | ||
| 859 | |h 11 |i Sk628 |p A-796 |b BIB. MATEMATICA | ||
